[Event "Verbandsliga MV 2014-15"]
[Site "Mecklenburg-Vorpommern"]
[Date "2015.02.22"]
[Round "6.1"]
[White "Weyrich, Morten"]
[Black "Moeller, Peter"]
[Result "1-0"]
[WhiteElo "2190"]
[BlackElo "2001"]
[PlyCount "79"]
[EventType "team-tourn"]
[EventRounds "9"]
[WhiteTeam "SF Schwerin  III"]
[BlackTeam "HSG Uni Rostock"]

1. d4 d5 2. Bf4 Nf6 3. e3 g6 4. c4 Bg7 5. Nc3 c6 6. Bd3 O-O 7. Nge2 Nbd7 8. O-O
dxc4 9. Bxc4 Nh5 10. Bg5 h6 11. Bh4 g5 12. Bg3 Nb6 13. Bb3 Nxg3 14. Nxg3 Nd5
15. Qf3 Be6 16. Nf5 Nxc3 17. bxc3 Bxb3 18. axb3 e6 19. Nxg7 Kxg7 20. e4 Qf6 21.
Qe3 Rfe8 22. f4 g4 23. Ra5 Qd8 24. Rh5 Kg6 25. Re5 f5 26. Re1 Kf7 27. exf5 exf5
28. Rxf5+ Kg6 29. Re5 Rxe5 30. Qxe5 Qf6 31. f5+ Qxf5 32. Qd6+ Kg7 33. Rf1 Qg6
34. Qe5+ Kg8 35. Rf6 Qb1+ 36. Kf2 Qc2+ 37. Kg3 Qd3+ 38. Kh4 Kh7 39. Rf7+ Kg6
40. Qh5# 1-0

[Event "Verbandsliga MV 2014-15"]
[Site "Mecklenburg-Vorpommern"]
[Date "2015.02.22"]
[Round "6.2"]
[White "Hammel, Ralf"]
[Black "Schreiber, Kevin"]
[Result "0-1"]
[WhiteElo "1965"]
[BlackElo "2020"]
[PlyCount "38"]
[EventType "team-tourn"]
[EventRounds "9"]
[WhiteTeam "HSG Uni Rostock"]
[BlackTeam "SF Schwerin  III"]

1. e4 d5 2. exd5 Qxd5 3. Nc3 Qd6 4. d4 Nf6 5. Nf3 c6 6. Ne5 Nbd7 7. Nc4 Qc7 8.
Qf3 Nb6 9. Ne5 Be6 10. Bf4 Nbd5 11. Ng6 Qb6 12. Nxh8 Nxf4 13. Qxf4 Qxb2 14. Rb1
Qxc3+ 15. Qd2 Qxd2+ 16. Kxd2 O-O-O 17. c3 Ne4+ 18. Ke3 Nxc3 19. Rb2 Nd1+ 0-1

[Event "Verbandsliga MV 2014-15"]
[Site "Mecklenburg-Vorpommern"]
[Date "2015.02.22"]
[Round "6.3"]
[White "Hanisch, Sebastian"]
[Black "Kutschke, Peter"]
[Result "0-1"]
[WhiteElo "2017"]
[BlackElo "1941"]
[PlyCount "94"]
[EventType "team-tourn"]
[EventRounds "9"]
[WhiteTeam "SF Schwerin  III"]
[BlackTeam "HSG Uni Rostock"]

1. d4 d5 2. c4 Bf5 3. cxd5 Bxb1 4. Qa4+ c6 5. Rxb1 Qxd5 6. Nf3 Nd7 7. b4 e6 8.
e3 Ngf6 9. a3 Be7 10. Be2 O-O 11. O-O Rfd8 12. Rd1 h6 13. Qc2 Rac8 14. Bb2 Nb6
15. Ne5 Qd6 16. Bf3 Nfd7 17. Nd3 Bf6 18. Nc5 Qc7 19. Ne4 Be7 20. Rd3 Nf6 21.
Rbd1 Nxe4 22. Bxe4 Rd7 23. Qb3 Bf6 24. g3 Rcd8 25. f4 Nd5 26. Bf3 Qb6 27. Kg2
Ne7 28. Qc4 Nf5 29. e4 Bxd4 30. exf5 Bg1 31. Kh3 Qf2 32. R1d2 Qxd2 33. Rxd2
Rxd2 34. Bc3 Rxh2+ 35. Kg4 h5+ 36. Kg5 exf5 37. Kxf5 Bb6 38. Kg5 g6 39. f5 gxf5
40. Bxh5 Be3+ 41. Kf6 Rd6+ 42. Kxf5 Rxh5+ 43. Kg4 Rhd5 44. Kf3 Bd4 45. Bd2 Rf6+
46. Kg4 Be5 47. Bc3 Rg6+ 0-1

[Event "Verbandsliga MV 2014-15"]
[Site "Mecklenburg-Vorpommern"]
[Date "2015.02.22"]
[Round "6.4"]
[White "Giese, Guido"]
[Black "Wagner, Ralph"]
[Result "1/2-1/2"]
[WhiteElo "1911"]
[BlackElo "2059"]
[PlyCount "77"]
[EventType "team-tourn"]
[EventRounds "9"]
[WhiteTeam "HSG Uni Rostock"]
[BlackTeam "SF Schwerin  III"]

1. e4 d5 2. exd5 Qxd5 3. Nc3 Qa5 4. d4 c6 5. Bc4 Bf5 6. Nf3 e6 7. Bd2 Nf6 8.
Nd5 Qd8 9. Nxf6+ gxf6 10. c3 Nd7 11. Qe2 Qc7 12. Nh4 Bg6 13. f4 f5 14. O-O-O
O-O-O 15. g3 Kb8 16. Be3 Nf6 17. Rhe1 Bh5 18. Nf3 Ng4 19. Bg1 Bd6 20. Qd2 Nf6
21. Be2 Ne4 22. Qc2 Rhg8 23. Nd2 Bxe2 24. Rxe2 Nf6 25. Kb1 h5 26. Nf3 Ne4 27.
Qa4 b6 28. Nd2 Nxd2+ 29. Rexd2 h4 30. Bf2 hxg3 31. hxg3 Rh8 32. c4 Be7 33. d5
exd5 34. cxd5 Rxd5 35. Rxd5 cxd5 36. Rxd5 Rh1+ 37. Rd1 Rxd1+ 38. Qxd1 Qc4 39.
Bd4 1/2-1/2

[Event "Verbandsliga MV 2014-15"]
[Site "Mecklenburg-Vorpommern"]
[Date "2015.02.22"]
[Round "6.5"]
[White "Roehl, Rainer"]
[Black "Schwetlick, Thomas"]
[Result "1-0"]
[WhiteElo "2007"]
[BlackElo "1853"]
[PlyCount "53"]
[EventType "team-tourn"]
[EventRounds "9"]
[WhiteTeam "SF Schwerin  III"]
[BlackTeam "HSG Uni Rostock"]

1. d4 Nf6 2. Bf4 d5 3. e3 e6 4. Nd2 Bd6 5. Bg3 O-O 6. Bd3 c5 7. c3 Nc6 8. Ngf3
cxd4 9. exd4 Qc7 10. O-O Bxg3 11. hxg3 e5 12. dxe5 Nxe5 13. Nxe5 Qxe5 14. Re1
Qd6 15. Nc4 Qc7 16. Ne3 Be6 17. Qa4 Rfe8 18. Qd4 a6 19. Re2 Rad8 20. Rae1 Qd7
21. Bc2 b5 22. a4 Re7 23. axb5 axb5 24. Qh4 Rde8 25. Qb4 Kf8 26. Bd3 Rb8 27.
Nf5 1-0

[Event "Verbandsliga MV 2014-15"]
[Site "Mecklenburg-Vorpommern"]
[Date "2015.02.22"]
[Round "6.6"]
[White "Sager, Bernd"]
[Black "Kross, Gunnar"]
[Result "0-1"]
[WhiteElo "1697"]
[BlackElo "1965"]
[PlyCount "96"]
[EventType "team-tourn"]
[EventRounds "9"]
[WhiteTeam "HSG Uni Rostock"]
[BlackTeam "SF Schwerin  III"]

1. e4 c6 2. d4 d5 3. exd5 cxd5 4. c4 Nf6 5. Nc3 e6 6. Nf3 Be7 7. Be2 O-O 8. O-O
b6 9. Bg5 Bb7 10. Rc1 Nbd7 11. Re1 Rc8 12. Qa4 a6 13. cxd5 Nxd5 14. Nxd5 Bxg5
15. Rxc8 Bxc8 16. Nc3 b5 17. Qb3 Nb6 18. Rd1 Bf6 19. a4 Nxa4 20. Nxa4 bxa4 21.
Qxa4 Qb6 22. Rd2 g6 23. h3 Rd8 24. Qd1 Bb7 25. Ne5 Qb4 26. Rd3 Be4 27. Rb3 Qxd4
28. Qxd4 Rxd4 29. Ng4 Bg5 30. f4 Bxf4 31. Nf6+ Kg7 32. Nxe4 Rxe4 33. Bxa6 Be5
34. Rb7 Ra4 35. Bd3 Ra1+ 36. Kf2 Ra2 37. Bc4 Rxb2+ 38. Rxb2 Bxb2 39. Kf3 e5 40.
Bb3 f5 41. Bc4 Bc1 42. Bd5 Kf6 43. Bb7 e4+ 44. Ke2 Ke5 45. g3 g5 46. Bc8 h6 47.
Bd7 f4 48. Kd1 fxg3 0-1

[Event "Verbandsliga MV 2014-15"]
[Site "Mecklenburg-Vorpommern"]
[Date "2015.02.22"]
[Round "6.7"]
[White "Helms, Sven"]
[Black "Hantel, Thomas"]
[Result "1/2-1/2"]
[WhiteElo "1928"]
[BlackElo "1693"]
[PlyCount "72"]
[EventType "team-tourn"]
[EventRounds "9"]
[WhiteTeam "SF Schwerin  III"]
[BlackTeam "HSG Uni Rostock"]

1. d4 d5 2. c4 e6 3. Nc3 Nf6 4. Nf3 Be7 5. Bg5 O-O 6. e3 h6 7. Bh4 Nbd7 8. Bd3
a6 9. O-O dxc4 10. Bxc4 b5 11. Bd3 c5 12. Rc1 cxd4 13. exd4 Bb7 14. Qe2 Nd5 15.
Bg3 N7f6 16. Rfd1 Bd6 17. Ne5 Qb6 18. Ne4 Be7 19. Nc5 Rfd8 20. Nxb7 Qxb7 21.
Nc6 Rdc8 22. Nxe7+ Nxe7 23. Be5 Ned5 24. Qf3 Qd7 25. h4 Rxc1 26. Rxc1 Rc8 27.
Re1 Qe7 28. g4 g6 29. Kg2 Nd7 30. Bg3 Qf6 31. Qe4 Qg7 32. g5 h5 33. Bd6 Kh7 34.
Be2 Kg8 35. Bd3 Rc6 36. Bg3 Rc8 1/2-1/2

[Event "Verbandsliga MV 2014-15"]
[Site "Mecklenburg-Vorpommern"]
[Date "2015.02.22"]
[Round "6.8"]
[White "Lueth, Jochen"]
[Black "Siegert, Gregor"]
[Result "0-1"]
[WhiteElo "1631"]
[BlackElo "1849"]
[PlyCount "62"]
[EventType "team-tourn"]
[EventRounds "9"]
[WhiteTeam "HSG Uni Rostock"]
[BlackTeam "SF Schwerin  III"]

1. e4 c5 2. Nf3 e6 3. c3 d5 4. Bb5+ Bd7 5. Bxd7+ Qxd7 6. exd5 Qxd5 7. O-O Nf6
8. Re1 Be7 9. h3 O-O 10. Qc2 Nc6 11. a3 c4 12. a4 h6 13. Na3 a6 14. Qb1 Bc5 15.
Nc2 b5 16. Ne3 Bxe3 17. dxe3 Ne4 18. Qc2 Nc5 19. Nd4 Nd3 20. Rd1 Na5 21. b4 Nc6
22. a5 f5 23. Nxc6 Qxc6 24. Qe2 e5 25. f4 exf4 26. exf4 Rae8 27. Qf3 Qxf3 28.
gxf3 Re2 29. Rf1 Rf6 30. Kh1 Rg6 31. Rg1 Nf2+ 0-1

[Event "Verbandsliga MV 2014-15"]
[Site "Mecklenburg-Vorpommern"]
[Date "2015.02.22"]
[Round "6.1"]
[White "Ispirjan, Mikael"]
[Black "Schinke, Andreas"]
[Result "1/2-1/2"]
[WhiteElo "1980"]
[BlackElo "2042"]
[PlyCount "128"]
[EventType "team-tourn"]
[EventRounds "9"]
[WhiteTeam "SAV Torgelow-Droegeheide 90"]
[BlackTeam "SV Blau-Weiss Grevesmuehlen"]

1. e4 c6 2. Ne2 d5 3. e5 Bf5 4. Ng3 Bg6 5. h4 h5 6. e6 fxe6 7. d4 c5 8. Bd3 Bf7
9. O-O Nd7 10. Nd2 g6 11. Nf3 Bg7 12. dxc5 Nxc5 13. Re1 Nxd3 14. Qxd3 Nh6 15.
Bxh6 Rxh6 16. Rad1 Qc7 17. Qe3 Rh8 18. Ng5 Qc6 19. c3 Rf8 20. Nxe6 Bxe6 21.
Qxe6 Qxe6 22. Rxe6 Kf7 23. Re3 e6 24. Ne2 Rfe8 25. Nd4 Bxd4 26. Rxd4 Rac8 27.
f4 Rc6 28. Kf2 Rec8 29. Red3 Kf6 30. Kf3 Kf5 31. Re3 Rc4 32. Re5+ Kf6 33. Rd2
R8c6 34. g3 b5 35. Re3 a5 36. a3 b4 37. axb4 axb4 38. cxb4 Rxb4 39. b3 Rc1 40.
Rde2 Rb6 41. Rb2 Rb4 42. Rbe2 Rb6 43. Rb2 d4 44. Rd3 Rb4 45. Ke2 e5 46. fxe5+
Kxe5 47. Ra2 Ke4 48. Ra6 Re1+ 49. Kxe1 Kxd3 50. Rxg6 Rxb3 51. g4 hxg4 52. Rxg4
Rb1+ 53. Kf2 Kc3 54. Rg8 d3 55. Rc8+ Kd2 56. h5 Rh1 57. Rh8 Kd1 58. h6 d2 59.
h7 Rh2+ 60. Kg3 Rh6 61. Kg4 Rh1 62. Kg5 Rh3 63. Kg6 Ke2 64. Rd8 d1=Q 1/2-1/2

[Event "Verbandsliga MV 2014-15"]
[Site "Mecklenburg-Vorpommern"]
[Date "2015.02.22"]
[Round "6.2"]
[White "Boehme, Andy"]
[Black "Schmekel, Florian"]
[Result "1-0"]
[WhiteElo "2018"]
[BlackElo "1795"]
[PlyCount "63"]
[EventType "team-tourn"]
[EventRounds "9"]
[WhiteTeam "SV Blau-Weiss Grevesmuehlen"]
[BlackTeam "SAV Torgelow-Droegeheide 90"]

1. Nf3 c5 2. g3 Nc6 3. Bg2 g6 4. O-O Bg7 5. d3 e6 6. c3 Nge7 7. Nbd2 d5 8. e4
O-O 9. Re1 dxe4 10. dxe4 b6 11. Nf1 Bb7 12. Qc2 Qc8 13. h4 h6 14. N1h2 Rd8 15.
Ng4 Kh7 16. Bd2 h5 17. Ngh2 Ne5 18. Nxe5 Bxe5 19. f4 Bg7 20. Nf3 Qc7 21. Ng5+
Kg8 22. Be3 Rd7 23. Qe2 Kf8 24. g4 Ng8 25. gxh5 gxh5 26. Qxh5 Nf6 27. Nh7+ Ke7
28. Qg5 Bh8 29. e5 Bxg2 30. Nxf6 Bxf6 31. exf6+ Kd6 32. Qxg2 1-0

[Event "Verbandsliga MV 2014-15"]
[Site "Mecklenburg-Vorpommern"]
[Date "2015.02.22"]
[Round "6.3"]
[White "Zentgraf, Robert"]
[Black "Naujok, Joerg"]
[Result "1-0"]
[WhiteElo "2115"]
[BlackElo "1958"]
[PlyCount "83"]
[EventType "team-tourn"]
[EventRounds "9"]
[WhiteTeam "SAV Torgelow-Droegeheide 90"]
[BlackTeam "SV Blau-Weiss Grevesmuehlen"]

1. d4 Nf6 2. Nf3 g6 3. c4 Bg7 4. Nc3 d6 5. Bf4 O-O 6. e3 Nbd7 7. Be2 Re8 8. O-O
Nh5 9. Bg5 h6 10. Bh4 Nhf6 11. h3 e5 12. Bg3 e4 13. Nd2 Nf8 14. b4 Bf5 15. c5
d5 16. b5 g5 17. Qb3 h5 18. Be5 N8d7 19. Bh2 c6 20. bxc6 bxc6 21. Ba6 Re6 22.
Bb7 Rb8 23. Rab1 h4 24. Qa4 g4 25. Qxa7 gxh3 26. Bxb8 hxg2 27. Kxg2 Nxb8 28.
Rh1 h3+ 29. Kf1 Nfd7 30. Ne2 Qh4 31. Ng3 Bg4 32. Bc8 Bxd4 33. Rxb8 Rf6 34.
Bxd7+ Kg7 35. Bf5 Be5 36. Qa8 Bxb8 37. Qxb8 h2 38. Bxg4 Qxg4 39. Rxh2 Qd1+ 40.
Kg2 Rxf2+ 41. Kxf2 Qxd2+ 42. Ne2 1-0

[Event "Verbandsliga MV 2014-15"]
[Site "Mecklenburg-Vorpommern"]
[Date "2015.02.22"]
[Round "6.5"]
[White "Bauer, Norbert"]
[Black "Stiegler, Maik"]
[Result "1/2-1/2"]
[WhiteElo "1957"]
[BlackElo "1857"]
[PlyCount "88"]
[EventType "team-tourn"]
[EventRounds "9"]
[WhiteTeam "SAV Torgelow-Droegeheide 90"]
[BlackTeam "SV Blau-Weiss Grevesmuehlen"]

1. d4 d5 2. c4 e6 3. Nf3 Nf6 4. Bg5 Be7 5. cxd5 exd5 6. Nc3 c6 7. e3 O-O 8. Qc2
Ne4 9. Bxe7 Qxe7 10. Bd3 f5 11. O-O Nd7 12. Rfe1 Ndf6 13. Ne5 Nd7 14. Nf3 Ndf6
15. Nd2 Ng4 16. Nd1 Qd6 17. Nf1 Nh6 18. f3 Ng5 19. Nf2 Kh8 20. Qc3 Ne6 21. Rad1
f4 22. e4 dxe4 23. Bxe4 Nc7 24. Qc2 Bf5 25. Bxf5 Nxf5 26. Ne4 Qg6 27. Nc3 Rad8
28. Re4 Nh4 29. Qf2 Qf6 30. Rde1 Ng6 31. Nd2 Nd5 32. Re6 Qf5 33. Nxd5 Qxd5 34.
Nb3 a5 35. R6e4 a4 36. Nc1 Qd7 37. a3 Rfe8 38. Nd3 Rxe4 39. Rxe4 Qf7 40. Qd2
Rf8 41. Ne5 Qf5 42. Qb4 Nxe5 43. dxe5 g5 44. e6 Re8 1/2-1/2

[Event "Verbandsliga MV 2014-15"]
[Site "Mecklenburg-Vorpommern"]
[Date "2015.02.22"]
[Round "6.6"]
[White "Haase, Sebastian"]
[Black "Onasch, Paul"]
[Result "0-1"]
[WhiteElo "1745"]
[BlackElo "1975"]
[PlyCount "62"]
[EventType "team-tourn"]
[EventRounds "9"]
[WhiteTeam "SV Blau-Weiss Grevesmuehlen"]
[BlackTeam "SAV Torgelow-Droegeheide 90"]

1. d4 d5 2. Bf4 Nf6 3. Nf3 e6 4. e3 Be7 5. c3 O-O 6. Bd3 c5 7. Nbd2 b6 8. Ne5
Bb7 9. g4 Ne4 10. Nxe4 dxe4 11. Bc4 Nd7 12. Qe2 Nxe5 13. Bxe5 Qc8 14. O-O-O Rd8
15. Rhg1 a6 16. Bb3 b5 17. c4 bxc4 18. Bxc4 cxd4 19. exd4 Bd5 20. b3 Qb7 21.
Bxd5 exd5 22. Kb2 Rdc8 23. Rc1 Bg5 24. Rxc8+ Rxc8 25. f4 Be7 26. g5 Qc6 27. Qd2
e3 28. Qd3 Bb4 29. a3 Qc3+ 30. Qxc3 Bxc3+ 31. Kc2 e2 0-1

[Event "Verbandsliga MV 2014-15"]
[Site "Mecklenburg-Vorpommern"]
[Date "2015.02.22"]
[Round "6.7"]
[White "Massloch, Philipp"]
[Black "Wulff, Jens Peter"]
[Result "1-0"]
[WhiteElo "1639"]
[BlackElo "1638"]
[PlyCount "51"]
[EventType "team-tourn"]
[EventRounds "9"]
[WhiteTeam "SAV Torgelow-Droegeheide 90"]
[BlackTeam "SV Blau-Weiss Grevesmuehlen"]

1. e4 c6 2. d4 g6 3. Nc3 Bg7 4. f4 d6 5. Nf3 Nh6 6. Be2 Bd7 7. Be3 b5 8. h3 a5
9. a3 Na6 10. O-O Qc8 11. Qe1 Nc7 12. Qh4 f5 13. e5 d5 14. Nh2 Be6 15. g4 Rb8
16. Nd1 Na6 17. c3 c5 18. Rc1 c4 19. Nf2 Qd7 20. Nh1 O-O 21. Ng3 b4 22. axb4
axb4 23. gxf5 gxf5 24. Nh5 Rf7 25. Kh1 Kh8 26. Nxg7 1-0

[Event "Verbandsliga MV 2014-15"]
[Site "Mecklenburg-Vorpommern"]
[Date "2015.02.22"]
[Round "6.8"]
[White "Streit, Bodo"]
[Black "Hippe, Franziska"]
[Result "1-0"]
[WhiteElo "1758"]
[BlackElo "1885"]
[PlyCount "113"]
[EventType "team-tourn"]
[EventRounds "9"]
[WhiteTeam "SV Blau-Weiss Grevesmuehlen"]
[BlackTeam "SAV Torgelow-Droegeheide 90"]

1. b4 c6 2. e3 a5 3. b5 cxb5 4. Bxb5 Nc6 5. Nc3 e6 6. Nf3 Nf6 7. O-O Be7 8. a4
O-O 9. d4 d5 10. Bd3 Bd7 11. Nb5 Nb4 12. c4 Nxd3 13. Qxd3 dxc4 14. Qxc4 Rc8 15.
Qd3 Bc6 16. Nc3 Nd5 17. Nxd5 Bxd5 18. Nd2 Bb4 19. Bb2 Qg5 20. f3 Rc7 21. Ne4
Qh4 22. g3 Qh5 23. g4 Qh4 24. Rac1 Rfc8 25. Rxc7 Rxc7 26. Rf2 Be1 27. Rc2 Rxc2
28. Qxc2 h5 29. gxh5 Bxe4 30. fxe4 Qg5+ 31. Kf1 Qxe3 32. Qe2 Qxe2+ 33. Kxe2 Bb4
34. Kd3 Bd6 35. h3 Kh7 36. Bc1 f5 37. e5 Bb4 38. Kc4 Kg8 39. d5 Kf7 40. d6 Ke8
41. h6 gxh6 42. Bxh6 Be1 43. Bf4 Kd7 44. Kb5 Bh4 45. Kb6 Kc8 46. Kxa5 Bd8+ 47.
Kb5 Kd7 48. a5 Kc8 49. a6 bxa6+ 50. Kc6 a5 51. Be3 a4 52. Ba7 Ba5 53. d7+ Kd8
54. Kd6 a3 55. Be3 Bb4+ 56. Kxe6 Kc7 57. Bg5 1-0

[Event "Verbandsliga MV 2014-15"]
[Site "Mecklenburg-Vorpommern"]
[Date "2015.02.22"]
[Round "6.1"]
[White "Seiler, Dirk"]
[Black "Springer, Guido"]
[Result "1-0"]
[WhiteElo "2116"]
[BlackElo "1768"]
[PlyCount "51"]
[EventType "team-tourn"]
[EventRounds "9"]
[WhiteTeam "SG Güstrow/Teterow"]
[BlackTeam "SV Gryps"]

1. d4 d5 2. c4 c6 3. Nf3 Nf6 4. Nc3 dxc4 5. a4 Bf5 6. e3 e6 7. Bxc4 Nbd7 8. O-O
Bb4 9. h3 O-O 10. Qe2 Bxc3 11. bxc3 Ne4 12. Ba3 Re8 13. Rfc1 e5 14. Qa2 Qf6 15.
Nd2 Nxf2 16. Rf1 Nxh3+ 17. gxh3 Qg5+ 18. Kh2 Be6 19. Bxe6 Rxe6 20. Rf3 exd4 21.
cxd4 Rxe3 22. Qxf7+ Kh8 23. Rg1 Re2+ 24. Kh1 Qh6 25. Qxd7 Rxd2 26. Bf8 1-0

[Event "Verbandsliga MV 2014-15"]
[Site "Mecklenburg-Vorpommern"]
[Date "2015.02.22"]
[Round "6.2"]
[White "Voelsgen, Georg"]
[Black "Dettmann, Gerd"]
[Result "1-0"]
[WhiteElo "1978"]
[BlackElo "2139"]
[PlyCount "67"]
[EventType "team-tourn"]
[EventRounds "9"]
[WhiteTeam "SV Gryps"]
[BlackTeam "SG Güstrow/Teterow"]

1. e4 c5 2. Nc3 Nc6 3. f4 g6 4. Nf3 Bg7 5. Bb5 Nd4 6. Nxd4 cxd4 7. Ne2 Nh6 8.
O-O O-O 9. Bd3 f5 10. exf5 Nxf5 11. Bxf5 Rxf5 12. d3 d6 13. Ng3 Rf7 14. Bd2 Bd7
15. Ne4 Rc8 16. Rc1 Rc6 17. Qe1 Rf5 18. Ng5 e5 19. Ne4 Qc7 20. c4 dxc3 21. bxc3
d5 22. Ng3 Rf8 23. fxe5 Rxf1+ 24. Nxf1 Bxe5 25. d4 Bg7 26. Qh4 Bf5 27. Ne3 Be4
28. Rf1 h5 29. Qg5 Rxc3 30. Nxd5 Bxd4+ 31. Kh1 Qg7 32. Bxc3 Bxc3 33. Nxc3 Qxc3
34. Qd8+ 1-0

[Event "Verbandsliga MV 2014-15"]
[Site "Mecklenburg-Vorpommern"]
[Date "2015.02.22"]
[Round "6.3"]
[White "Waschk, Armin"]
[Black "Windjaeger, Gerd"]
[Result "0-1"]
[WhiteElo "2086"]
[BlackElo "1945"]
[PlyCount "118"]
[EventType "team-tourn"]
[EventRounds "9"]
[WhiteTeam "SG Güstrow/Teterow"]
[BlackTeam "SV Gryps"]

1. e4 e6 2. d4 d5 3. Nc3 dxe4 4. Nxe4 Nd7 5. Bd3 Ngf6 6. Be3 Be7 7. Qd2 b6 8.
Ne2 Bb7 9. f3 e5 10. c3 O-O 11. O-O exd4 12. Nxf6+ Bxf6 13. Nxd4 c5 14. Nf5 Ne5
15. Be2 Qxd2 16. Bxd2 Rad8 17. Bf4 Bc8 18. Ng3 Nd3 19. Bxd3 Rxd3 20. Ne4 Be7
21. Rfe1 Bb7 22. Nf2 Rd7 23. Re2 f5 24. Rae1 Bf6 25. Rd2 Rxd2 26. Bxd2 Rd8 27.
Bc1 Kf7 28. Nh3 h6 29. Kf2 Bd5 30. a3 g5 31. g3 a5 32. Be3 a4 33. Rd1 Bc4 34.
Rxd8 Bxd8 35. Ke1 Ke6 36. Kd2 Kd5 37. Nf2 Bc7 38. Nh3 Bf1 39. Ng1 Ba6 40. Bf2
f4 41. g4 Kc4 42. Kc2 Bb7 43. h4 Bd5 44. hxg5 hxg5 45. Be1 Be5 46. Bf2 Bf7 47.
Be1 Bg6+ 48. Kc1 Kd3 49. Bd2 Bf7 50. Be1 Bd5 51. Bf2 Bf6 52. Kd1 Bb3+ 53. Kc1
Be7 54. Kb1 Kd2 55. Ka1 Bc4 56. Kb1 Bd3+ 57. Ka1 Be2 58. Kb1 Bxf3 59. Nxf3+ Ke2
0-1

[Event "Verbandsliga MV 2014-15"]
[Site "Mecklenburg-Vorpommern"]
[Date "2015.02.22"]
[Round "6.4"]
[White "Mauser, Tassilo Tino"]
[Black "Dettmann, Holger"]
[Result "0-1"]
[WhiteElo "1682"]
[BlackElo "1905"]
[PlyCount "96"]
[EventType "team-tourn"]
[EventRounds "9"]
[WhiteTeam "SV Gryps"]
[BlackTeam "SG Güstrow/Teterow"]

1. Nf3 d5 2. c4 Nf6 3. g3 g6 4. Bg2 Bg7 5. O-O O-O 6. d3 c6 7. Qc2 dxc4 8. Qxc4
Na6 9. Nc3 Nd5 10. Nxd5 cxd5 11. Qh4 e5 12. Bg5 f6 13. Bh6 Be6 14. Bxg7 Kxg7
15. a3 Qd7 16. b3 Rac8 17. Rfb1 Nb8 18. Qb4 Rc7 19. Qd2 Rfc8 20. Ne1 Nc6 21. b4
Nd4 22. e3 Nc2 23. Nxc2 Rxc2 24. Qe1 Qc7 25. Bf3 Qc3 26. Qf1 Qc7 27. Bd1 Rc3
28. Bf3 d4 29. exd4 exd4 30. Re1 Bf7 31. a4 b6 32. b5 Rd8 33. Bc6 Bd5 34. Bxd5
Rxd5 35. Re4 Qc5 36. Rae1 Re5 37. Rxe5 fxe5 38. Qh3 Qd6 39. Qg2 Rxd3 40. Qb7+
Kh6 41. f4 Re3 42. Rc1 exf4 43. Rc7 fxg3 44. Rxh7+ Kg5 45. h4+ Kg4 46. Qc8+ Qe6
47. Qxe6+ Rxe6 48. Rxa7 Kh3 0-1

[Event "Verbandsliga MV 2014-15"]
[Site "Mecklenburg-Vorpommern"]
[Date "2015.02.22"]
[Round "6.5"]
[White "Kiel, Bernd"]
[Black "Sadewasser, Lucie"]
[Result "1-0"]
[WhiteElo "1896"]
[BlackElo "1682"]
[PlyCount "87"]
[EventType "team-tourn"]
[EventRounds "9"]
[WhiteTeam "SG Güstrow/Teterow"]
[BlackTeam "SV Gryps"]

1. e4 e5 2. Nf3 Nc6 3. c3 Nf6 4. d4 exd4 5. e5 Nd5 6. cxd4 Bb4+ 7. Bd2 Qe7 8.
Nc3 Bxc3 9. bxc3 Nb6 10. Be2 O-O 11. O-O d5 12. Bg5 Qe8 13. Qd2 a6 14. Bd3 Ne7
15. Rfe1 Ng6 16. h4 Bg4 17. Nh2 Qd7 18. Qc2 Kh8 19. f3 Be6 20. h5 Ne7 21. Bxh7
Bf5 22. Bxf5 Nxf5 23. Ng4 Ne7 24. h6 Qf5 25. hxg7+ Kxg7 26. Bh6+ Kg6 27. Qxf5+
Nxf5 28. Bxf8 Rxf8 29. e6 fxe6 30. Rxe6+ Kg7 31. Rb1 Rf7 32. Ne5 Re7 33. Rxe7+
Nxe7 34. g4 Ng6 35. Nxg6 Kxg6 36. f4 Kf6 37. Kf2 Kg6 38. Kg3 Na4 39. Rc1 b5 40.
Kh4 Nb6 41. f5+ Kg7 42. g5 Nd7 43. Re1 Kf8 44. f6 1-0

[Event "Verbandsliga MV 2014-15"]
[Site "Mecklenburg-Vorpommern"]
[Date "2015.02.22"]
[Round "6.6"]
[White "Giering, Nils"]
[Black "Fidorra, Thomas"]
[Result "0-1"]
[WhiteElo "1635"]
[BlackElo "1879"]
[PlyCount "110"]
[EventType "team-tourn"]
[EventRounds "9"]
[WhiteTeam "SV Gryps"]
[BlackTeam "SG Güstrow/Teterow"]

1. Nf3 d5 2. c4 e6 3. g3 Nf6 4. Bg2 Be7 5. O-O O-O 6. d3 c6 7. Bf4 Nbd7 8. Nbd2
Re8 9. Qc2 Bf8 10. d4 b6 11. Rfe1 Bb7 12. Ng5 Rc8 13. e4 dxe4 14. Ndxe4 Nxe4
15. Bxe4 g6 16. h4 Nf6 17. Bf3 h6 18. Nxe6 Rxe6 19. Rxe6 fxe6 20. Qxg6+ Bg7 21.
Bxh6 Qf8 22. Re1 Re8 23. Bg2 Qf7 24. Qg5 Nh7 25. Qg4 Nf8 26. Re5 Nh7 27. d5
cxd5 28. cxd5 Qf6 29. Bf4 Bc8 30. Be4 Nf8 31. d6 Nd7 32. Qh5 Nxe5 33. Qxe8+ Qf8
34. Qe7 Qxe7 35. dxe7 Kf7 36. Bg5 Bd7 37. h5 Bc6 38. Bxc6 Nxc6 39. b3 Nxe7 40.
Kg2 Bf6 41. Bd2 Nd5 42. g4 b5 43. a4 b4 44. f4 Bc3 45. Bc1 Nf6 46. Kf3 Bd4 47.
h6 Kg6 48. g5 Nd7 49. Ke4 Nc5+ 50. Kxd4 Nxb3+ 51. Ke5 Nxc1 52. Kxe6 Nd3 53. f5+
Kh7 54. f6 Nf4+ 55. Ke7 b3 0-1

[Event "Verbandsliga MV 2014-15"]
[Site "Mecklenburg-Vorpommern"]
[Date "2015.02.22"]
[Round "6.7"]
[White "Ramp, Oliver"]
[Black "Wagner, Swenja"]
[Result "1-0"]
[WhiteElo "1806"]
[BlackElo "1491"]
[PlyCount "83"]
[EventType "team-tourn"]
[EventRounds "9"]
[WhiteTeam "SG Güstrow/Teterow"]
[BlackTeam "SV Gryps"]

1. e4 e5 2. Nf3 Nc6 3. Bc4 Nf6 4. d3 Bc5 5. Bg5 d6 6. Nbd2 Bg4 7. c3 O-O 8. h3
Be6 9. O-O Kh8 10. b4 Bb6 11. Qb3 Qd7 12. Bxe6 fxe6 13. a4 a6 14. Nc4 Ba7 15.
b5 axb5 16. axb5 Ne7 17. b6 Bxb6 18. Nxb6 cxb6 19. Qxb6 Qc6 20. Qb3 Qd7 21.
Rxa8 Rxa8 22. Rb1 Rb8 23. Be3 Nc6 24. Qb5 d5 25. Bg5 h6 26. Be3 g5 27. c4 Kg8
28. Bd2 Nd4 29. Nxd4 exd4 30. exd5 Qxb5 31. Rxb5 e5 32. h4 Nh7 33. hxg5 Nxg5
34. Bxg5 hxg5 35. d6 e4 36. Rxg5+ Kf7 37. dxe4 Ke6 38. Rd5 Rd8 39. Kf1 Rxd6 40.
Rxd6+ Kxd6 41. Ke2 Kc5 42. Kd3 1-0

[Event "Verbandsliga MV 2014-15"]
[Site "Mecklenburg-Vorpommern"]
[Date "2015.02.22"]
[Round "6.8"]
[White "Matzek Lichtenstein, Franz David"]
[Black "Ebert, Lutz"]
[Result "1/2-1/2"]
[WhiteElo "1650"]
[BlackElo "1736"]
[PlyCount "55"]
[EventType "team-tourn"]
[EventRounds "9"]
[WhiteTeam "SV Gryps"]
[BlackTeam "SG Güstrow/Teterow"]

1. c4 e5 2. Nc3 Bb4 3. Nd5 Be7 4. e4 c6 5. Nxe7 Nxe7 6. d4 O-O 7. Nf3 exd4 8.
Qxd4 d5 9. Bg5 f6 10. Bd2 dxe4 11. Qxe4 Bf5 12. Qd4 Qxd4 13. Nxd4 Rd8 14. Bc3
Nd7 15. O-O-O Nf8 16. Re1 Nfg6 17. h4 h5 18. Nxf5 Nxf5 19. g3 Nd4 20. Rd1 Nf3
21. Be2 Nge5 22. Bxe5 Nxe5 23. Rxd8+ Rxd8 24. Rd1 Rxd1+ 25. Kxd1 c5 26. Kd2 b6
27. Ke3 Kf7 28. b3 1/2-1/2

[Event "Verbandsliga MV 2014-15"]
[Site "Mecklenburg-Vorpommern"]
[Date "2015.02.22"]
[Round "6.1"]
[White "Weber, Max"]
[Black "Stutz, Reno"]
[Result "1-0"]
[WhiteElo "2167"]
[BlackElo "1947"]
[PlyCount "79"]
[EventType "team-tourn"]
[EventRounds "9"]
[WhiteTeam "SSC Rostock 07  II"]
[BlackTeam "ASV Gruen-Weiss Wismar"]

1. Nf3 Nf6 2. c4 e6 3. g3 d5 4. Bg2 dxc4 5. O-O Nbd7 6. Na3 Be7 7. Nxc4 O-O 8.
d4 c6 9. Qc2 Nb6 10. Nce5 Bd7 11. Rd1 Rc8 12. Nd3 Nbd5 13. a3 b6 14. Nfe5 c5
15. dxc5 Bxc5 16. Nxc5 Rxc5 17. Qb3 Qc7 18. Nxd7 Nxd7 19. Bxd5 exd5 20. Be3 Rc2
21. Qxd5 Nf6 22. Qb5 h6 23. Rac1 Ng4 24. Rxc2 Qxc2 25. Rc1 Qe4 26. Qd3 Qe7 27.
Bf4 Re8 28. Rc2 Rd8 29. Qf3 Nf6 30. Rc7 Qe6 31. Rxa7 Ne4 32. Be3 f5 33. Qf4 Ng5
34. Qc7 Rd1+ 35. Kg2 Qd5+ 36. f3 Ne6 37. Qf7+ Kh7 38. Re7 Qb5 39. Kf2 Qa5 40.
b4 1-0